000 00398cam a22001217a 4500
008 180718b1965 xxu||||| |||| 00| 0 eng d
082 _aBA27x54721 N467
100 _aNewman, R. E.
245 _aPathan tribal Patterns: an interim study of authoritarian family process and structure
_cby R. E. Newman
260 _aNew Jersey
_bForeign Studies Institute
_c1965
300 _a111p
650 _aPushtuns.
999 _c422988
_d422988